[Event "ASEAN-ch U18 15th"]
[Site "Taipa"]
[Date "2014.06.09"]
[Round "9"]
[White "Zhang, Ziji"]
[Black "Mejia, Giovanni"]
[Result "1-0"]
[WhiteElo "2160"]
[BlackElo "2126"]
[PlyCount "89"]
[EventDate "2014.06.04"]
[EventType "swiss"]
[EventRounds "9"]
[EventCountry "MAC"]
[SourceTitle "CBM 160 Extra"]
[Source "ChessBase"]
[SourceDate "2014.07.01"]
[SourceVersion "1"]
[SourceVersionDate "2014.07.01"]
[SourceQuality "1"]

1. d4 f5 2. Bg5 c6 3. e3 Qb6 4. Qc1 g6 5. c4 d6 6. Nc3 Bg7 7. Nge2 Nd7 8. Bh4 e5 9. Qd2 Qc7 10. e4 f4 11. f3 h5 12. Bf2 Ngf6 13. 0-0-0 Nb6 14. b3 g5 15. Kb1 Be6 16. Nc1 Rd8 17. d5 Bf7 18. Be2 Nc8 19. Qb2 c5 20. b4 b6 21. Nd3 Nd7 22. Ka1 Nf8 23. Rb1 Ng6 24. Bd1 0-0 25. Ba4 Be8 26. Qa3 Bxa4 27. Qxa4 Qd7 28. Qxd7 Rxd7 29. Nb5 Bf6 30. Rb3 Bd8 31. Ra3 Rg7 32. Ra6 Nh4 33. bxc5 dxc5 34. Rb1 g4 35. fxg4 Rxg4 36. Nxa7 Nd6 37. Nxc5 Nxg2 38. h3 Rg6 39. Ne6 Nxe4 40. Nxf8 Kxf8 41. Nc6 Nxf2 42. Ra8 Nxh3 43. Rxd8+ Kg7 44. Rd7+ Kh6 45. Nxe5 1-0

[Event "ASEAN-ch U18 15th"]
[Site "Taipa"]
[Date "2014.06.08"]
[Round "7"]
[White "Tran, Tuan Minh"]
[Black "Mejia, Giovanni"]
[Result "1-0"]
[WhiteElo "2339"]
[BlackElo "2126"]
[PlyCount "87"]
[EventDate "2014.06.04"]
[EventType "swiss"]
[EventRounds "9"]
[EventCountry "MAC"]
[SourceTitle "CBM 160 Extra"]
[Source "ChessBase"]
[SourceDate "2014.07.01"]
[SourceVersion "1"]
[SourceVersionDate "2014.07.01"]
[SourceQuality "1"]

1. d4 f5 2. Nc3 Nf6 3. Bg5 d5 4. Bxf6 exf6 5. g3 c6 6. Bg2 b5 7. Nf3 Bd6 8. 0-0 Nd7 9. e3 0-0 10. Nd2 Nb6 11. Ne2 a5 12. Nf4 Re8 13. Nd3 a4 14. Re1 Ba6 15. b4 axb3 16. axb3 b4 17. Qf3 g6 18. h4 h5 19. Nc5 Bb5 20. Nb7 Qc7 21. Nxd6 Qxd6 22. Rec1 Rxa1 23. Rxa1 Ra8 24. Rxa8+ Nxa8 25. Qd1 Nc7 26. Qa1 Na6 27. Bf1 Bxf1 28. Kxf1 Nc7 29. Nf3 Nb5 30. Ne1 Na3 31. Nd3 Nxc2 32. Qa8+ Kf7 33. Qb7+ Ke8 34. Qg7 Nxe3+ 35. fxe3 Qxg3 36. Qxf6 Qf3+ 37. Nf2 Qxe3 38. Qxc6+ Kf8 39. Qf6+ Ke8 40. Qxg6+ Kd7 41. Qxf5+ Kc6 42. Qc8+ Kb6 43. Qc5+ Ka6 44. Qxd5 1-0

[Event "ASEAN-ch U18 15th"]
[Site "Taipa"]
[Date "2014.06.04"]
[Round "2"]
[White "Mejia, Giovanni"]
[Black "Medina, Vince Angelo"]
[Result "0-1"]
[WhiteElo "2126"]
[BlackElo "1984"]
[PlyCount "92"]
[EventDate "2014.06.04"]
[EventType "swiss"]
[EventRounds "9"]
[EventCountry "MAC"]
[SourceTitle "CBM 160 Extra"]
[Source "ChessBase"]
[SourceDate "2014.07.01"]
[SourceVersion "1"]
[SourceVersionDate "2014.07.01"]
[SourceQuality "1"]

1. e4 g6 2. c4 Bg7 3. Nc3 c5 4. d3 Nc6 5. Be3 Nd4 6. g3 e6 7. Nce2 Qa5+ 8. Bd2 Qb6 9. Rb1 a5 10. Nxd4 cxd4 11. Ne2 Ne7 12. h4 h5 13. f4 d6 14. Bh3 f5 15. Bg2 0-0 16. 0-0 Qc7 17. Kh2 Bd7 18. Ng1 Rac8 19. Qe1 b6 20. Nh3 Bf6 21. b4 a4 22. exf5 Nxf5 23. b5 Kg7 24. Qd1 d5 25. cxd5 exd5 26. Bxd5 Ne3 27. Bxe3 dxe3 28. Ng1 Qc2+ 29. Kh1 Bg4 30. Qxc2 Rxc2 31. Rfc1 Rfc8 32. Bc6 Rxc1 33. Rxc1 e2 34. Kg2 Bc3 35. Nxe2 Bb2 36. Rc2 a3 37. Nc3 Rd8 38. Be4 Rc8 39. Bc6 Bf5 40. Na4 Bd4 41. Rc4 Rd8 42. Be4 Be6 43. Rc2 Rc8 44. Rxc8 Bxc8 45. Bd5 Bg4 46. Kf1 Bd1 0-1

[Event "ASEAN-ch U16 14th"]
[Site "Chiangmai"]
[Date "2013.06.12"]
[Round "7"]
[White "Ding, Tze How Dilwen"]
[Black "Mejia, Giovanni"]
[Result "0-1"]
[WhiteElo "1746"]
[BlackElo "2120"]
[PlyCount "73"]
[EventDate "2013.06.08"]
[EventType "swiss"]
[EventRounds "9"]
[EventCountry "THA"]
[SourceTitle "EXT 2014"]
[Source "ChessBase"]
[SourceDate "2013.11.20"]
[SourceVersion "1"]
[SourceVersionDate "2013.11.20"]
[SourceQuality "1"]

1. e4 c5 2. Nf3 Nc6 3. d4 cxd4 4. Nxd4 Nf6 5. Nc3 e5 6. Ndb5 d6 7. Bg5 a6 8. Na3 b5 9. Nd5 Be7 10. Bxf6 Bxf6 11. c3 Bg5 12. Nc2 Ne7 13. Nce3 Bxe3 14. Nxe3 Bb7 15. Qc2 0-0 16. Bd3 Rc8 17. 0-0 Qb6 18. Qb3 Qc5 19. a4 d5 20. axb5 dxe4 21. bxa6 exd3 22. Qxb7 Rc7 23. Qe4 Rd8 24. b4 Qb6 25. Nc4 Qc6 26. Qxc6 Nxc6 27. Nd2 Na7 28. c4 Rb8 29. b5 e4 30. Rfb1 Nc8 31. Rb4 f5 32. Nb3 f4 33. c5 e3 34. b6 d2 35. Re4 Nxb6 36. a7 Rxa7 37. Rxa7 0-1

[Event "Manila PSC Cup"]
[Site "Manila"]
[Date "2013.01.20"]
[Round "9"]
[White "Gonzales, Julius"]
[Black "Mejia, Giovanni"]
[Result "0-1"]
[WhiteElo "1717"]
[BlackElo "2131"]
[PlyCount "78"]
[EventDate "2013.01.14"]
[EventType "swiss"]
[EventRounds "9"]
[EventCountry "PHI"]
[SourceTitle "EXT 2014"]
[Source "ChessBase"]
[SourceDate "2013.11.20"]
[SourceVersion "1"]
[SourceVersionDate "2013.11.20"]
[SourceQuality "1"]

1. d4 f5 2. Nf3 Nf6 3. Bf4 g6 4. e3 Bg7 5. c3 0-0 6. Nbd2 Kh8 7. Bc4 Nc6 8. 0-0 d6 9. h3 Qe8 10. Bh2 a6 11. Qc2 e5 12. dxe5 dxe5 13. Rfd1 e4 14. Nd4 Ne5 15. Bf1 Nfd7 16. Nc4 Nxc4 17. Bxc4 Ne5 18. Bxe5 Bxe5 19. Ne2 g5 20. Rd2 Bd6 21. Bd5 Rb8 22. c4 Be5 23. c5 c6 24. Bb3 Qg6 25. Ng3 Qg7 26. Rad1 f4 27. Nxe4 fxe3 28. fxe3 Bf5 29. g4 Bxe4 30. Qxe4 Rbe8 31. Qg2 Bb8 32. e4 Qe5 33. Re2 Qxc5+ 34. Kh1 Rf4 35. Rf1 Rxf1+ 36. Qxf1 Rf8 37. Qg1 Qe5 38. Qg2 Rf4 39. Ba4 Qf6 0-1

[Event "PHI-ch"]
[Site "Boracay Island"]
[Date "2012.07.25"]
[Round "15"]
[White "Mejia, Giovanni"]
[Black "Antonio, Rogelio Jr"]
[Result "0-1"]
[WhiteElo "1932"]
[BlackElo "2548"]
[PlyCount "104"]
[EventDate "2012.07.15"]
[EventType "tourn"]
[EventRounds "15"]
[EventCountry "PHI"]
[EventCategory "8"]
[SourceTitle "CBM 149 Extra"]
[Source "ChessBase"]
[SourceDate "2012.08.24"]
[SourceVersion "1"]
[SourceVersionDate "2012.08.24"]
[SourceQuality "1"]

1. e4 c6 2. d4 d5 3. Nc3 dxe4 4. Nxe4 Bf5 5. Ng3 Bg6 6. h4 h6 7. h5 Bh7 8. Nf3 Nf6 9. Bd3 Bxd3 10. Qxd3 e6 11. Bd2 c5 12. 0-0-0 Nc6 13. Bc3 Qd5 14. dxc5 Qxd3 15. Rxd3 Bxc5 16. Bxf6 gxf6 17. Ne4 Be7 18. Nd6+ Bxd6 19. Rxd6 Rg8 20. g3 Ke7 21. Rd2 Rac8 22. a3 Na5 23. Kb1 Nc4 24. Re2 Rgd8 25. Ka2 f5 26. b3 Nd6 27. Kb2 Ne4 28. Rc1 Nc3 29. Ree1 b5 30. Ne5 Rd2 31. Nd3 Ne4 32. Rf1 Kf6 33. Kb1 a5 34. Kb2 Rc7 35. Kb1 Rc3 36. f3 Nxg3 37. Rfd1 Rh2 38. Kb2 Rc7 39. Nf4 Nxh5 40. Nxh5+ Rxh5 41. c4 Rh2+ 42. Kc3 Rf2 43. Kd4 bxc4 44. bxc4 Rxf3 45. c5 Rf4+ 46. Ke3 Re4+ 47. Kf3 Rc6 48. Rh1 Re5 49. Rxh6+ Ke7 50. Rb1 Rexc5 51. Rb7+ Rc7 52. Rb8 Rc3+ 0-1

[Event "PHI-ch"]
[Site "Boracay Island"]
[Date "2012.07.24"]
[Round "14"]
[White "Sadorra, Julio Catalino"]
[Black "Mejia, Giovanni"]
[Result "1-0"]
[WhiteElo "2525"]
[BlackElo "1932"]
[PlyCount "71"]
[EventDate "2012.07.15"]
[EventType "tourn"]
[EventRounds "15"]
[EventCountry "PHI"]
[EventCategory "8"]
[SourceTitle "CBM 149 Extra"]
[Source "ChessBase"]
[SourceDate "2012.08.24"]
[SourceVersion "1"]
[SourceVersionDate "2012.08.24"]
[SourceQuality "1"]

1. Nf3 d5 2. c4 dxc4 3. e3 Nf6 4. Bxc4 e6 5. 0-0 c5 6. Qe2 a6 7. Rd1 Be7 8. d4 cxd4 9. exd4 0-0 10. Nc3 b5 11. Bb3 Bb7 12. Bg5 b4 13. Bxf6 Bxf6 14. Ne4 Be7 15. Rac1 Bd5 16. Bxd5 Qxd5 17. Rc7 Bd8 18. Rc4 a5 19. b3 Nd7 20. Ne5 Nf6 21. Nxf6+ Bxf6 22. Rc7 Rad8 23. Rc5 Qa8 24. Nc6 Rd5 25. Qb5 Rc8 26. Rdc1 Kh8 27. Rxd5 exd5 28. Qxd5 h6 29. Rc4 Bxd4 30. Ne7 Bxf2+ 31. Kf1 Qa6 32. Nxc8 Qf6 33. Qf3 Qa1+ 34. Kxf2 Qb2+ 35. Qe2 Qf6+ 36. Kg1 1-0

[Event "PHI-ch"]
[Site "Boracay Island"]
[Date "2012.07.18"]
[Round "6"]
[White "Mejia, Giovanni"]
[Black "Bitoon, Richard"]
[Result "0-1"]
[WhiteElo "1932"]
[BlackElo "2442"]
[PlyCount "56"]
[EventDate "2012.07.15"]
[EventType "tourn"]
[EventRounds "15"]
[EventCountry "PHI"]
[EventCategory "8"]
[SourceTitle "CBM 149 Extra"]
[Source "ChessBase"]
[SourceDate "2012.08.24"]
[SourceVersion "1"]
[SourceVersionDate "2012.08.24"]
[SourceQuality "1"]

1. e4 d6 2. Nc3 e5 3. g3 Nc6 4. Bg2 h5 5. h3 f5 6. Nge2 Nf6 7. d4 fxe4 8. Nxe4 Bf5 9. Nxf6+ gxf6 10. c3 Qd7 11. Be3 Bh6 12. Qd2 Bxe3 13. Qxe3 0-0-0 14. d5 Ne7 15. Qxa7 Qb5 16. b3 Bd3 17. Nc1 e4 18. Nxd3 Qxd3 19. Qa8+ Kd7 20. Qa4+ b5 21. Qxe4 Qxc3+ 22. Ke2 Rde8 23. Qe6+ Kd8 24. Be4 Nc8 25. Qf5 Rxe4+ 26. Qxe4 Re8 27. Qxe8+ Kxe8 28. a4 Qxb3 0-1

[Event "PHI-ch"]
[Site "Boracay Island"]
[Date "2012.07.16"]
[Round "2"]
[White "Mejia, Giovanni"]
[Black "Segarra, Randy"]
[Result "0-1"]
[WhiteElo "1932"]
[BlackElo "2283"]
[PlyCount "140"]
[EventDate "2012.07.15"]
[EventType "tourn"]
[EventRounds "15"]
[EventCountry "PHI"]
[EventCategory "8"]
[SourceTitle "CBM 149 Extra"]
[Source "ChessBase"]
[SourceDate "2012.08.24"]
[SourceVersion "1"]
[SourceVersionDate "2012.08.24"]
[SourceQuality "1"]

1. e4 c5 2. Nf3 e6 3. d3 d5 4. Nbd2 Nf6 5. g3 g6 6. Bg2 Bg7 7. 0-0 0-0 8. Re1 Nc6 9. Qe2 b6 10. Nf1 dxe4 11. dxe4 a5 12. e5 Nd7 13. Bf4 Ba6 14. Qe4 Qc7 15. Rad1 Bb7 16. Qd3 Rfd8 17. Qc3 h6 18. h4 Ne7 19. Ne3 b5 20. Ng4 Nf5 21. Re2 b4 22. Qe1 Nb6 23. Red2 Nd5 24. Ngh2 Nxf4 25. gxf4 h5 26. Bh3 Rxd2 27. Qxd2 Ne7 28. Ng5 Qc6 29. f3 Nd5 30. Nf1 c4 31. c3 Bf8 32. Kh2 Be7 33. Ng3 Rd8 34. N3e4 Qb6 35. Qc1 Ne3 36. Rxd8+ Bxd8 37. Qd2 Nd5 38. Bf1 Qe3 39. Bxc4 Qxd2+ 40. Nxd2 bxc3 41. bxc3 Nxc3 42. Kg3 Bd5 43. Nge4 Nxa2 44. Bb5 Be7 45. Ba4 Kg7 46. Nb1 Bb4 47. Kf2 Nc1 48. Nbc3 Bc4 49. Ke3 Nb3 50. Nb5 Nc5 51. Nxc5 Bxc5+ 52. Nd4 Be7 53. Nc6 Bxh4 54. Nxa5 Bf1 55. f5 exf5 56. f4 Be1 57. Nb3 h4 58. Nd4 Bg2 59. Bc6 h3 60. Bxg2 hxg2 61. Ne2 Kh6 62. Kf3 Kh5 63. Ng1 Bd2 64. Nh3 Kh4 65. Kxg2 Kg4 66. Ng5 Kxf4 67. Nxf7 Bb4 68. e6 Be7 69. Nh8 Kg5 70. Kf3 Kf6 0-1